| 000 | 00540nam a22001697a 4500 | ||
|---|---|---|---|
| 003 | BD-DhUL | ||
| 005 | 20160829101443.0 | ||
| 008 | 160829b xxu||||| |||| 00| 0 eng d | ||
| 040 | _cBD-DhUL | ||
| 082 |
_a915.4 _bTAB |
||
| 100 | _aবসু, সুধা | ||
| 245 |
_aতাভেরনিয়ে-র ভারত / _cবসু, সুধা |
||
| 260 |
_aকলকাতা : _bনবভারত, _c১৯৭৩. |
||
| 300 |
_a৫৩০ পৃ. ; _c২২ সেমি. |
||
| 650 |
_aইতিহাস _vHistory |
||
| 942 |
_2ddc _cBK |
||
| 999 |
_c102119 _d102119 |
||